| 000 -LEADER |
| fixed length control field |
00689nam a22001217a 4500 |
| 040 ## - CATALOGING SOURCE |
| Transcribing agency |
RUA |
| 082 ## - DEWEY DECIMAL CLASSIFICATION NUMBER |
| Classification number |
VEM SAM 2023 B1-530 Or. |
| 100 ## - MAIN ENTRY--AUTHOR NAME |
| Personal name |
SAM ANGI,ស៊ឹម អេនជី |
| 245 ## - TITLE STATEMENT |
| Title |
THE ANTIBODY TITER OF NEWCASTLE DISEASE OF CHICKENS AT THE VETERINARY EXPERIMENTAL STATION OF THE ROYAL UNIVERSITY OF AGRICULTURE,កម្រិតអង់ទីករនៃជំងឺញូវកាសលើមាន់នៅស្ថានីយពិសោធន៍វេជ្ជសាស្រ្តសត្វនៃសាកលវិទ្យាល័យភូមិន្ទកសិកម្ម |
| 260 ## - PUBLICATION, DISTRIBUTION, ETC. (IMPRINT) |
| Place of publication |
phnom penh |
| Name of publisher |
rua |
| Year of publication |
2023 |
| 300 ## - PHYSICAL DESCRIPTION |
| Number of Pages |
viii.34p. |
| Other physical details |
ill. |
| Dimensions |
29cm. |
| 942 ## - ADDED ENTRY ELEMENTS (KOHA) |
| Koha item type |
VEM |
| 952 ## - LOCATION AND ITEM INFORMATION (KOHA) |
| Withdrawn status [LOCAL, KOHA] |
0 |
| 952 ## - LOCATION AND ITEM INFORMATION (KOHA) |
| Withdrawn status [LOCAL, KOHA] |
0 |
| 952 ## - LOCATION AND ITEM INFORMATION (KOHA) |
| Withdrawn status [LOCAL, KOHA] |
0 |
| 952 ## - LOCATION AND ITEM INFORMATION (KOHA) |
| Withdrawn status [LOCAL, KOHA] |
0 |